[Event "TCh-POL Ekstraliga 2018"]
[Site "Poland POL"]
[Date "2018.10.26"]
[Round "7.2"]
[Board "3"]
[White "Butkiewicz, Lukasz"]
[Black "Zwardon, Vojtech"]
[Result "1/2-1/2"]
[WhiteTitle "IM"]
[BlackTitle "IM"]
[WhiteElo "2449"]
[BlackElo "2424"]
[WhiteTeam "Bialy Krol Wisznia Mala"]
[BlackTeam "UKS Hetman Czestochowa"]
[WhiteFideId "1122428"]
[BlackFideId "325511"]
[EventDate "2018.06.08"]

1. e4 c5 2. Nf3 Nc6 3. d4 cxd4 4. Nxd4 g6 5. c4 Nf6 6. Nc3 Nxd4 7. Qxd4 d6 8. f3
Bg7 9. Be3 O-O 10. Qd2 Qa5 11. Rc1 a6 12. Bd3 Bd7 13. O-O Rfc8 14. Rc2 b5 15. b3
Be6 16. cxb5 axb5 17. Rfc1 b4 18. Ne2 Rxc2 19. Rxc2 Nd7 20. Nd4 Nc5 21. Nc6 Bc3
22. Qxc3 bxc3 23. Nxa5 Nxd3 24. Nc6 Nb2 25. Nxe7+ Kf8 26. Nd5 Rxa2 27. Rxc3 Bxd5
28. exd5 Ra5 29. b4 Rb5 30. Bf4 Rxd5 31. Rb3 Nd3 32. Be3 Ke7 33. Kf1 Ne5 34. b5
Kd7 35. Ke2 Kc7 36. f4 Nd7 37. b6+ Kb7 38. Ra3 Kc6 39. Ra7 Nxb6 40. Rxf7 Rh5 41.
Bxb6 Kxb6 42. h3 Kc5 43. Ke3 d5 44. Rc7+ Kd6 45. Ra7 Rh4 1/2-1/2

[Event "TCh-POL Ekstraliga 2018"]
[Site "Poland POL"]
[Date "2018.10.26"]
[Round "7.2"]
[Board "4"]
[White "Piesik, Piotr"]
[Black "Skawinski, Arkadiusz"]
[Result "1-0"]
[WhiteTitle "FM"]
[BlackTitle "FM"]
[WhiteElo "2353"]
[BlackElo "2425"]
[WhiteTeam "UKS Hetman Czestochowa"]
[BlackTeam "Bialy Krol Wisznia Mala"]
[WhiteFideId "1136194"]
[BlackFideId "1126415"]
[EventDate "2018.06.08"]

1. e4 e5 2. Nf3 Nc6 3. Bc4 Bc5 4. c3 Nf6 5. d4 exd4 6. e5 d5 7. Bb5 Ne4 8. cxd4
Be7 9. Nc3 O-O 10. O-O Bf5 11. Be3 Qd7 12. Rc1 a6 13. Ba4 Bg4 14. Qc2 Bxf3 15.
gxf3 Ng5 16. Qe2 Qh3 17. Bd1 Rad8 18. f4 Ne6 19. Qd2 f5 20. f3 g5 21. Bb3 Bb4
22. Qg2 Qxg2+ 23. Kxg2 Bxc3 24. bxc3 gxf4 25. Bf2 Na5 26. Bc2 Nc4 27. Kh1 Rd7
28. Rg1+ Rg7 29. Rxg7+ Kxg7 30. Rg1+ Kh6 31. Bh4 Ne3 32. Bb1 Kh5 33. Be7 Re8 34.
Bf6 Rc8 35. Be7 c6 36. Bd3 Rc7 37. Bd6 Rg7 38. Rxg7 Nxg7 39. Be2 Kg6 40. Kg1 Ne6
41. Kf2 Kf7 42. Ba3 Nc4 43. Bc1 b5 44. Bd3 Kg6 45. h4 c5 46. dxc5 Nxe5 47. Bc2
Kf6 48. Ke2 Nc4 49. c6 Ke5 50. a4 Na5 51. axb5 axb5 52. Bd3 Nc7 53. Ba3 Nxc6 54.
Bc5 d4 55. c4 Ne6 56. cxb5 Nxc5 57. bxc6 Kd6 58. Bxf5 h6 59. Bd7 Na6 60. Kd3 Kd5
61. Kd2 Ke5 62. Be8 Kd5 1-0

[Event "TCh-POL Ekstraliga 2018"]
[Site "Poland POL"]
[Date "2018.10.26"]
[Round "7.2"]
[Board "5"]
[White "Luch, Michal"]
[Black "Paszewski, Mateusz"]
[Result "1/2-1/2"]
[WhiteTitle "IM"]
[BlackTitle "FM"]
[WhiteElo "2395"]
[BlackElo "2322"]
[WhiteTeam "Bialy Krol Wisznia Mala"]
[BlackTeam "UKS Hetman Czestochowa"]
[WhiteFideId "1120042"]
[BlackFideId "1141058"]
[EventDate "2018.06.08"]

1. Nf3 d5 2. c4 e6 3. b3 Nf6 4. Bb2 Be7 5. g3 O-O 6. Bg2 b6 7. O-O Bb7 8. cxd5
Nxd5 9. d4 c5 10. Nbd2 cxd4 11. Nxd4 Nc6 12. Nxc6 Bxc6 13. e4 Nf6 14. e5 Nd5 15.
a3 Rc8 16. Rc1 Qd7 17. Ne4 Bb5 18. Re1 Rxc1 19. Qxc1 Bc6 20. Nf6+ gxf6 21. exf6
Bxf6 22. Bxf6 Nxf6 23. Qg5+ Kh8 24. Qxf6+ Kg8 25. Qg5+ Kh8 26. Qf6+ Kg8 27. Bxc6
Qxc6 28. Qg5+ Kh8 29. Qf6+ Kg8 30. Re5 Rc8 31. Rg5+ Kf8 32. Rg7 Qb7 33. f3 Qc7
34. Kg2 Qc2+ 35. Kh3 Qf5+ 36. Qxf5 exf5 37. Rxh7 Rc3 38. Rh8+ Kg7 39. Ra8 Rxf3
40. Rxa7 Rxb3 41. Kh4 Kg6 1/2-1/2

[Event "TCh-POL Ekstraliga 2018"]
[Site "Poland POL"]
[Date "2018.10.26"]
[Round "7.2"]
[Board "6"]
[White "Lach, Aleksandra"]
[Black "Bartel, Marta"]
[Result "1/2-1/2"]
[WhiteTitle "WIM"]
[BlackTitle "WGM"]
[WhiteElo "2209"]
[BlackElo "2247"]
[WhiteTeam "UKS Hetman Czestochowa"]
[BlackTeam "Bialy Krol Wisznia Mala"]
[WhiteFideId "1134299"]
[BlackFideId "1123009"]
[EventDate "2018.06.08"]

1. c4 e6 2. e3 d5 3. Nf3 Nf6 4. b3 Be7 5. Bb2 O-O 6. Qc2 Nbd7 7. Nc3 c6 8. Rg1
e5 9. cxd5 cxd5 10. g4 e4 11. g5 exf3 12. gxf6 Nxf6 13. O-O-O Be6 14. Bd3 h6 15.
Bf5 Qd7 16. Bxe6 Qxe6 17. Qd3 Rac8 18. Kb1 Rfd8 19. Rg3 Bf8 20. Rdg1 b5 21. Qxb5
d4 22. exd4 Rxd4 23. Rxf3 Rxd2 24. Qf5 Qxf5+ 25. Rxf5 Ne8 26. Rd1 Rxd1+ 27. Nxd1
Rc5 28. Ne3 Rxf5 29. Nxf5 g6 30. Nd4 Bd6 31. h3 Nc7 1/2-1/2

[Event "TCh-POL Ekstraliga 2018"]
[Site "Poland POL"]
[Date "2018.10.26"]
[Round "7.3"]
[Board "1"]
[White "Klekowski, Maciej"]
[Black "Tomczak, Jacek"]
[Result "0-1"]
[WhiteTitle "IM"]
[BlackTitle "GM"]
[WhiteElo "2509"]
[BlackElo "2598"]
[WhiteTeam "TS Wisla Krakow"]
[BlackTeam "Akademia Szachowa ChessGrow Gliwice"]
[WhiteFideId "1132717"]
[BlackFideId "1124668"]
[EventDate "2018.06.08"]

1. c4 e5 2. Nc3 Nf6 3. g3 d5 4. cxd5 Nxd5 5. Bg2 Nb6 6. e3 Nc6 7. Nge2 h5 8. d4
h4 9. d5 Nb8 10. Qc2 Na6 11. a3 h3 12. Be4 Nc5 13. O-O Nxe4 14. Qxe4 Bd6 15. f4
f5 16. Qd3 O-O 17. b3 Qe7 18. fxe5 Bxe5 19. Nf4 Qd6 20. Bb2 Bd7 21. Rf2 g5 22.
Nfe2 Rae8 23. Rd1 Qc5 24. Nd4 Bxd4 25. exd4 Qd6 26. Bc1 f4 27. gxf4 Bf5 28. Qf1
g4 29. Re2 Nxd5 30. Nxd5 Qxd5 31. b4 Be4 32. Qf2 Bf3 33. Rxe8 Rxe8 34. Re1 Rxe1+
35. Qxe1 Qxd4+ 36. Be3 Qb2 37. Bf2 Kf7 38. f5 Bd5 39. Qd1 c6 40. Qe1 g3 0-1

[Event "TCh-POL Ekstraliga 2018"]
[Site "Poland POL"]
[Date "2018.10.26"]
[Round "7.3"]
[Board "2"]
[White "Czarnota, Pawel"]
[Black "Matuszewski, Michal"]
[Result "0-1"]
[WhiteTitle "GM"]
[BlackTitle "IM"]
[WhiteElo "2546"]
[BlackElo "2505"]
[WhiteTeam "Akademia Szachowa ChessGrow Gliwice"]
[BlackTeam "TS Wisla Krakow"]
[WhiteFideId "1121219"]
[BlackFideId "1129775"]
[EventDate "2018.06.08"]

1. e4 c5 2. Nf3 d6 3. d4 cxd4 4. Nxd4 Nf6 5. Nc3 a6 6. Be2 e5 7. Nb3 Be7 8. Be3
O-O 9. g4 Be6 10. g5 Nfd7 11. Qd2 a5 12. f4 exf4 13. Bxf4 Nc6 14. h4 a4 15. Nd4
a3 16. b3 Nxd4 17. Qxd4 Qc7 18. Rc1 Ne5 19. O-O f6 20. Nd5 Bxd5 21. Qxd5+ Kh8
22. Be3 fxg5 23. hxg5 Rxf1+ 24. Rxf1 Qxc2 25. Qxb7 Rg8 26. Rf2 Qc3 27. Qb6 Qa1+
28. Bf1 Ng4 29. Bd4 Qc1 30. Rf5 Qd2 31. Bg2 Bxg5 32. Rxg5 Qc1+ 33. Bf1 Qxg5 0-1

[Event "TCh-POL Ekstraliga 2018"]
[Site "Poland POL"]
[Date "2018.10.26"]
[Round "7.3"]
[Board "3"]
[White "Leniart, Arkadiusz"]
[Black "Olszewski, Michal"]
[Result "1-0"]
[WhiteTitle "IM"]
[BlackTitle "GM"]
[WhiteElo "2489"]
[BlackElo "2529"]
[WhiteTeam "TS Wisla Krakow"]
[BlackTeam "Akademia Szachowa ChessGrow Gliwice"]
[WhiteFideId "1124226"]
[BlackFideId "1121251"]
[EventDate "2018.06.08"]

1. e4 c5 2. Nf3 d6 3. d4 cxd4 4. Nxd4 Nf6 5. Nc3 a6 6. h3 e6 7. g4 b5 8. Bg2 Bb7
9. a3 Nfd7 10. O-O Be7 11. f4 Nc6 12. Nf3 O-O 13. Ne2 Nf6 14. Ng3 d5 15. e5 Ne4
16. Qe1 Bc5+ 17. Kh2 Nxg3 18. Qxg3 f6 19. b4 Bb6 20. Bb2 fxe5 21. Nxe5 Rc8 22.
Rac1 Nxe5 23. Bxe5 Bc7 24. Rfe1 Bxe5 25. Rxe5 Qf6 26. c3 Rc4 27. f5 Rxg4 28.
hxg4 Qh6+ 29. Kg1 Qxc1+ 30. Re1 Qg5 31. fxe6 Re8 32. Qc7 Qe7 33. Qe5 h6 34. Re2
Qf6 35. Qf5 Qxf5 36. gxf5 Kf8 37. Bh3 Re7 38. Re3 Rc7 39. Rg3 Rc4 40. e7+ Kxe7
41. Rxg7+ Kf6 42. Rxb7 Rxc3 43. Kh2 Rxa3 44. Rb6+ Kg5 45. Rg6+ Kh5 46. Bg4+ Kh4
47. f6 Ra1 48. Be2 1-0

[Event "TCh-POL Ekstraliga 2018"]
[Site "Poland POL"]
[Date "2018.10.26"]
[Round "7.3"]
[Board "4"]
[White "Warakomski, Tomasz"]
[Black "Tomczak, Mikolaj"]
[Result "0-1"]
[WhiteTitle "GM"]
[BlackTitle "FM"]
[WhiteElo "2505"]
[BlackElo "2418"]
[WhiteTeam "Akademia Szachowa ChessGrow Gliwice"]
[BlackTeam "TS Wisla Krakow"]
[WhiteFideId "1124552"]
[BlackFideId "1175114"]
[EventDate "2018.06.08"]

1. e4 c5 2. Nf3 Nc6 3. d4 cxd4 4. Nxd4 Nf6 5. Nc3 d6 6. Bc4 e6 7. Be3 Be7 8. Qe2
O-O 9. O-O-O a6 10. Bb3 Qc7 11. g4 Nxd4 12. Rxd4 b5 13. g5 Nd7 14. f4 Bb7 15.
Rf1 Nc5 16. f5 Rfe8 17. f6 Bf8 18. fxg7 Bxg7 19. e5 d5 20. Rh4 Qxe5 21. Bxc5
Qxg5+ 22. Rhf4 e5 23. Qd2 exf4 24. Rg1 Qf6 25. Bd4 Re1+ 26. Rxe1 Qxd4 27. Qxd4
Bxd4 28. Re7 f3 29. Nd1 Rb8 30. Re1 a5 31. c3 Bf6 32. Bc2 d4 33. Be4 Bg5+ 34.
Kc2 Re8 35. Bxh7+ Kf8 36. Rxe8+ Kxe8 37. cxd4 Ke7 38. Kd3 b4 39. Nf2 a4 40. b3
a3 41. Kc2 Be3 42. Be4 Ba6 43. Nd1 Bxd4 44. Bxf3 f5 45. Kd2 f4 46. Be4 Kf6 47.
Bd3 Bc8 48. Ke1 Ke5 49. h4 Bg4 50. Kd2 Bh5 51. Bc2 Bg1 52. Bd3 Kd4 53. Be2 Bf7
54. Kc2 Bg6+ 55. Kd2 Be4 56. h5 f3 57. Bc4 Bh2 58. Nf2 Bf4+ 59. Kd1 Bf5 60. Bf7
Ke3 61. Nh1 Bh3 62. h6 Bxh6 63. Ng3 Bf4 64. Nh1 Bg2 0-1

[Event "TCh-POL Ekstraliga 2018"]
[Site "Poland POL"]
[Date "2018.10.26"]
[Round "7.3"]
[Board "5"]
[White "Mikrut, Dariusz"]
[Black "Kantans, Toms"]
[Result "0-1"]
[WhiteTitle "IM"]
[BlackTitle "GM"]
[WhiteElo "2379"]
[BlackElo "2526"]
[WhiteTeam "TS Wisla Krakow"]
[BlackTeam "Akademia Szachowa ChessGrow Gliwice"]
[WhiteFideId "1112791"]
[BlackFideId "11602945"]
[EventDate "2018.06.08"]

1. d4 Nf6 2. Bg5 d5 3. Nd2 c5 4. dxc5 e6 5. Nb3 Nbd7 6. e3 Nxc5 7. Nxc5 Bxc5 8.
Bb5+ Kf8 9. Bd3 e5 10. c3 Be6 11. Ne2 h6 12. Bh4 g5 13. Bg3 Bd6 14. Qb1 Qc7 15.
Bf5 Ke7 16. f3 Rag8 17. Qc2 h5 18. h3 Qb6 19. Bxe6 fxe6 20. e4 dxe4 21. fxe4 Qc6
22. O-O-O h4 23. Bf2 Nxe4 24. Be3 g4 25. hxg4 Rxg4 26. Rh2 Bc5 27. Qd3 Rf8 28.
g3 Bxe3+ 29. Qxe3 hxg3 30. Rh7+ Rf7 31. Rxf7+ Kxf7 32. Rf1+ Ke7 33. Qh6 Qc8 34.
Qh7+ Kd6 35. Nxg3 Nxg3 36. Qd3+ Ke7 37. Qh7+ Kd6 38. Qd3+ Kc7 39. Rf7+ Kb6 40.
Qf3 Rf4 41. Qe3+ Ka6 42. Qd3+ Qc4 0-1

[Event "TCh-POL Ekstraliga 2018"]
[Site "Poland POL"]
[Date "2018.10.26"]
[Round "7.3"]
[Board "6"]
[White "Warakomska, Anna"]
[Black "Leks, Maria"]
[Result "1/2-1/2"]
[WhiteTitle "WIM"]
[BlackTitle "WCM"]
[WhiteElo "2349"]
[BlackElo "2145"]
[WhiteTeam "Akademia Szachowa ChessGrow Gliwice"]
[BlackTeam "TS Wisla Krakow"]
[WhiteFideId "1130790"]
[BlackFideId "1134957"]
[EventDate "2018.06.08"]

1. e4 e5 2. Nf3 Nc6 3. Bc4 Nf6 4. d3 Be7 5. O-O d6 6. a4 O-O 7. a5 Kh8 8. a6 b6
9. Nc3 Na5 10. Ba2 c5 11. Ng5 Qe8 12. Nd5 Nxd5 13. Bxd5 Rb8 14. f4 Bxg5 15. fxg5
Be6 16. Qh5 Bxd5 17. exd5 e4 18. Bf4 Rd8 19. Bd2 f5 20. Qxe8 Rdxe8 21. b4 cxb4
22. Bxb4 exd3 23. Bxa5 bxa5 24. cxd3 Re3 25. Rf3 Rxf3 26. gxf3 Rb8 27. Rxa5 Rb3
28. Kf2 Rxd3 29. Rb5 Kg8 30. Ke2 Ra3 31. Rb8+ Kf7 32. Rb7+ Kg6 33. Rxa7 f4 34.
h4 h6 35. gxh6 gxh6 36. Ra8 Kh5 37. a7 Kxh4 38. Rh8 Rxa7 39. Rxh6+ Kg5 40. Rxd6
Kf5 41. Rd8 Ke5 42. Re8+ Kxd5 43. Re4 Ra2+ 44. Kf1 Rb2 45. Rxf4 Ke5 46. Rf8 Ra2
47. Ke1 1/2-1/2

[Event "TCh-POL Ekstraliga 2018"]
[Site "Poland POL"]
[Date "2018.10.26"]
[Round "7.4"]
[Board "1"]
[White "Piorun, Kacper"]
[Black "Duda, Jan-Krzysztof"]
[Result "0-1"]
[WhiteTitle "GM"]
[BlackTitle "GM"]
[WhiteElo "2631"]
[BlackElo "2731"]
[WhiteTeam "KSz Stilon Gorzow Wlkp."]
[BlackTeam "Wasko HETMAN GKS Katowice"]
[WhiteFideId "1130420"]
[BlackFideId "1170546"]
[EventDate "2018.06.08"]

1. Nf3 d5 2. d4 Nf6 3. c4 e6 4. Nc3 c6 5. g3 dxc4 6. Bg2 b5 7. O-O Bb7 8. Ne5 a6
9. a4 Qc8 10. e4 Nbd7 11. f4 Be7 12. f5 exf5 13. Rxf5 b4 14. Nxd7 Nxd7 15. Nb1
O-O 16. a5 c5 17. d5 Bf6 18. Qe2 Bd4+ 19. Kh1 Nf6 20. Nd2 Re8 21. Qxc4 Nxe4 22.
Rf1 Nf2+ 23. Rxf2 Bxf2 24. Ne4 Qf5 25. Bf4 Bxd5 26. Qxd5 Qxd5 27. Nf6+ gxf6 28.
Bxd5 Bd4 29. Bxa8 Rxa8 30. Rc1 b3 31. Kg2 Kg7 32. Bd2 Rd8 33. Be1 Re8 34. Kf1
Re3 0-1

[Event "TCh-POL Ekstraliga 2018"]
[Site "Poland POL"]
[Date "2018.10.26"]
[Round "7.4"]
[Board "2"]
[White "Navara, David"]
[Black "Krasenkow, Michal"]
[Result "0-1"]
[WhiteTitle "GM"]
[BlackTitle "GM"]
[WhiteElo "2727"]
[BlackElo "2631"]
[WhiteTeam "Wasko HETMAN GKS Katowice"]
[BlackTeam "KSz Stilon Gorzow Wlkp."]
[WhiteFideId "309095"]
[BlackFideId "1113100"]
[EventDate "2018.06.08"]

1. e4 c5 2. Nf3 Nc6 3. Nc3 e5 4. Bc4 Be7 5. d3 d6 6. O-O Nf6 7. Ng5 O-O 8. f4
exf4 9. Bxf4 h6 10. Nf3 Be6 11. Nd5 Qd7 12. c3 Rae8 13. a4 Bd8 14. Qd2 a6 15.
Qf2 Bxd5 16. Bxd5 Nxd5 17. exd5 Ne7 18. Qg3 Kh7 19. c4 Bc7 20. Bd2 Ng6 21. Bc3
f5 22. Rae1 f4 23. Qf2 Qxa4 24. Re6 Rxe6 25. dxe6 Qc6 26. Qe2 d5 27. Ng5+ Kg8
28. Nf7 d4 29. Qg4 Ne5 30. Nxe5 Bxe5 31. Bd2 Re8 32. Re1 Rxe6 33. Qh3 g5 34. Qf5
Qd6 35. h4 f3 36. Qxf3 Bh2+ 37. Kh1 Rxe1+ 38. Bxe1 Bf4 39. Qxb7 Qe6 40. Ba5 Qe3
41. Qc8+ Kg7 42. Qd7+ Kg6 43. Bd2 Qxd2 44. h5+ Kf6 45. Qd8+ Ke6 46. Qd5+ Ke7 47.
Qb7+ Kd8 48. Qd5+ Kc8 49. Qc6+ Bc7 50. Qa8+ Bb8 51. Qc6+ Bc7 52. Qa8+ Kd7 53.
Qd5+ Bd6 54. Qb7+ Kd8 55. Qa8+ Kd7 56. Qb7+ Kd8 57. Qa8+ Ke7 58. Qe4+ Kf8 59.
Qf5+ Ke8 60. Qe6+ Be7 61. Qc8+ Bd8 62. Qc6+ Ke7 63. Qxc5+ Kd7 64. Qxd4+ Kc8 65.
Kh2 Qe2 66. Qh8 Qxh5+ 67. Kg3 Qe2 68. Qxh6 Bc7+ 69. Kh3 Qxd3+ 70. Kg4 Qxc4+ 71.
Kf5 Qd5+ 72. Kg6 Qe6+ 0-1

[Event "TCh-POL Ekstraliga 2018"]
[Site "Poland POL"]
[Date "2018.10.26"]
[Round "7.4"]
[Board "3"]
[White "Heberla, Bartlomiej"]
[Black "Miton, Kamil"]
[Result "0-1"]
[WhiteTitle "GM"]
[BlackTitle "GM"]
[WhiteElo "2569"]
[BlackElo "2604"]
[WhiteTeam "KSz Stilon Gorzow Wlkp."]
[BlackTeam "Wasko HETMAN GKS Katowice"]
[WhiteFideId "1115120"]
[BlackFideId "1111914"]
[EventDate "2018.06.08"]

1. d4 Nf6 2. c4 e6 3. Nc3 d5 4. Bg5 Bb4 5. e3 h6 6. Bh4 g5 7. Bg3 Ne4 8. Ne2 h5
9. h4 Nxg3 10. Nxg3 gxh4 11. Nxh5 Qg5 12. Nf4 dxc4 13. Bxc4 Nc6 14. Qf3 Bd7 15.
O-O O-O-O 16. Ne4 Qh6 17. Nd3 Kb8 18. Nec5 Bxc5 19. Nxc5 Bc8 20. Bb5 Ne7 21.
Rfc1 Nd5 22. Nd3 f6 23. Kh2 Rdg8 24. Bc4 Rg3 25. Qe4 Rhg8 26. Rg1 R8g4 27. Bxd5
Rxe4 28. Bxe4 Rg7 29. Rac1 Qh8 30. Bf3 Rg5 31. Rgd1 Qd8 32. Kh1 Qd6 33. e4 h3
34. gxh3 Qxd4 35. Rc3 Rg8 36. e5 c6 37. Re1 Qh4 38. Kh2 fxe5 39. Re4 Qh6 40.
Nxe5 Qd2 41. Re2 Qf4+ 42. Kh1 Rg5 43. Re4 Qd2 44. h4 Rg8 45. Re2 Qd1+ 46. Kh2
Qg1+ 47. Kh3 Qf1+ 48. Kh2 Rg2+ 49. Bxg2 Qxe2 50. Re3 Qxf2 51. Re4 Qf5 52. Kg3
Kc7 53. Re2 b6 54. Bh3 Qf6 55. Nf3 Ba6 56. Rxe6 Qxb2 57. h5 Bd3 58. Re7+ Kb8 59.
Ne5 Qc3 60. Bd7 Be4+ 61. Kf4 Bd5 62. Kg5 Qe3+ 63. Kg6 Be4+ 64. Bf5 Qg3+ 65. Kf6
Qh4+ 66. Ke6 Bxf5+ 67. Kxf5 Qxh5+ 68. Ke6 Qh6+ 69. Kd7 Kb7 70. Kd8+ Ka6 71. Kc7
Kb5 72. Nf7 Qf4+ 73. Kb7 c5 74. Kxa7 c4 75. Rb7 c3 76. Rxb6+ Kc5 77. Nd8 Qa4+
78. Ra6 Qxa6+ 79. Kxa6 c2 80. Nb7+ Kd5 0-1

[Event "TCh-POL Ekstraliga 2018"]
[Site "Poland POL"]
[Date "2018.10.26"]
[Round "7.4"]
[Board "4"]
[White "Gajewski, Grzegorz"]
[Black "Kanarek, Marcel"]
[Result "1-0"]
[WhiteTitle "GM"]
[BlackTitle "GM"]
[WhiteElo "2607"]
[BlackElo "2505"]
[WhiteTeam "Wasko HETMAN GKS Katowice"]
[BlackTeam "KSz Stilon Gorzow Wlkp."]
[WhiteFideId "1116207"]
[BlackFideId "1126822"]
[EventDate "2018.06.08"]

1. d4 Nf6 2. Nf3 g6 3. Bg5 Bg7 4. Nbd2 d5 5. c3 O-O 6. e3 b6 7. Bd3 Bb7 8. h4
Ne4 9. h5 Nd7 10. hxg6 hxg6 11. Bf4 e5 12. Nxe5 Nxe5 13. Bxe5 Bxe5 14. dxe5 Qg5
15. Qf3 Qxe5 16. Qh3 Qg7 17. Qh2 Nc5 18. Bc2 Rfe8 19. O-O-O Re7 20. Nf3 Rae8 21.
Ng5 Re5 22. Qf4 Ne6 23. Qxf7+ Qxf7 24. Rh8+ Kg7 25. Rh7+ Kg8 26. Nxf7 Kxh7 27.
Nxe5 Nf8 28. f4 Kg7 29. g4 g5 30. Bf5 c5 31. Rh1 d4 32. Rh5 Kf6 33. Bd3 dxe3 34.
Rxg5 Ne6 35. Rf5+ Kg7 36. Rf7+ Kh8 37. Ng6+ Kg8 38. Rxb7 1-0

[Event "TCh-POL Ekstraliga 2018"]
[Site "Poland POL"]
[Date "2018.10.26"]
[Round "7.4"]
[Board "5"]
[White "Klim, Kamil"]
[Black "Socko, Bartosz"]
[Result "0-1"]
[BlackTitle "GM"]
[WhiteElo "2365"]
[BlackElo "2588"]
[WhiteTeam "KSz Stilon Gorzow Wlkp."]
[BlackTeam "Wasko HETMAN GKS Katowice"]
[WhiteFideId "1130633"]
[BlackFideId "1107038"]
[EventDate "2018.06.08"]

1. d4 Nf6 2. c4 c5 3. d5 b5 4. cxb5 a6 5. bxa6 g6 6. Nc3 Bg7 7. e4 O-O 8. Nf3
Qa5 9. Nd2 Bxa6 10. Be2 d6 11. O-O Nfd7 12. Bxa6 Qxa6 13. a4 Rc8 14. Ra3 c4 15.
Qe2 Ne5 16. Nb5 Nbd7 17. Kh1 Nb6 18. Nd4 Nxa4 19. f4 Nd3 20. Nc6 Nxc1 21. Qxc4
Kf8 22. b3 Qxc4 23. Nxc4 Nc5 24. Rxa8 Rxa8 25. Rxc1 Nxe4 26. g3 Nc3 27. Nb6 Ra3
28. Re1 Bf6 29. b4 Rb3 30. Nd7+ Kg7 31. Nxf6 Kxf6 32. Nxe7 Rxb4 33. Nc8 Ne4 34.
Kg2 Rc4 35. Nb6 Rb4 36. Nc8 Rd4 37. Kf3 Nd2+ 38. Ke2 Nc4 39. Rc1 h5 40. Rc3 Rd2+
41. Ke1 Rd4 42. Ke2 g5 43. Na7 gxf4 44. Nc6 Rd2+ 45. Kf3 Ne3 46. gxf4 Nxd5 47.
Rc4 Rxh2 48. Rd4 Rh3+ 49. Kf2 Ne3 50. Rxd6+ Kf5 51. Ne5 Kxf4 52. Nxf7 Rh2+ 53.
Kg1 Rg2+ 54. Kh1 Re2 55. Rg6 Ng4 56. Rc6 h4 57. Rc4+ Kg3 58. Rc3+ Ne3 59. Rc1
Rh2+ 60. Kg1 h3 61. Ng5 Re2 62. Nxh3 Kxh3 63. Rc8 Rg2+ 64. Kh1 Rg7 65. Rc3 Re7
66. Kg1 Kg3 67. Rc8 Rg7 68. Rf8 Rg6 69. Rf7 Rg8 70. Rf6 Ng4 71. Ra6 Nh2 72. Ra3+
Nf3+ 73. Kf1 Re8 74. Re3 Rd8 75. Rc3 Rd2 76. Rc2 Nh2+ 0-1

[Event "TCh-POL Ekstraliga 2018"]
[Site "Poland POL"]
[Date "2018.10.26"]
[Round "7.4"]
[Board "6"]
[White "Socko, Monika"]
[Black "Szczepkowska, Karina"]
[Result "1/2-1/2"]
[WhiteTitle "GM"]
[BlackTitle "IM"]
[WhiteElo "2458"]
[BlackElo "2412"]
[WhiteTeam "Wasko HETMAN GKS Katowice"]
[BlackTeam "KSz Stilon Gorzow Wlkp."]
[WhiteFideId "1106619"]
[BlackFideId "1122681"]
[EventDate "2018.06.08"]

1. c4 e6 2. Nc3 d5 3. d4 Nf6 4. cxd5 exd5 5. Bg5 Be7 6. e3 c6 7. Bd3 Nbd7 8.
Nge2 Nh5 9. Bxe7 Qxe7 10. O-O O-O 11. Qc2 g6 12. Rab1 Ndf6 13. Ng3 Nxg3 14. hxg3
Ng4 15. Rbe1 Qg5 16. Be2 Nf6 17. b4 h5 18. e4 dxe4 19. Nxe4 Nxe4 20. Qxe4 Bf5
21. Qe3 Qf6 22. Bc4 Rad8 23. Qe5 Kg7 24. Rd1 Rfe8 25. Qxf6+ Kxf6 26. f3 Be6 27.
Bxe6 Rxe6 28. Rd2 Red6 29. Rfd1 Rd5 30. Kf2 a5 31. bxa5 Rxa5 32. Rb1 Rd7 33. Rb6
Rad5 34. Ke3 Ke7 35. Rdb2 Rxd4 36. Rxb7 Rd3+ 37. Ke2 Ra3 1/2-1/2

[Event "TCh-POL Ekstraliga 2018"]
[Site "Poland POL"]
[Date "2018.10.26"]
[Round "7.5"]
[Board "1"]
[White "Moranda, Wojciech"]
[Black "Bartel, Mateusz"]
[Result "0-1"]
[WhiteTitle "GM"]
[BlackTitle "GM"]
[WhiteElo "2601"]
[BlackElo "2602"]
[WhiteTeam "WIEZA PEGOW"]
[BlackTeam "KSz Polonia Wroclaw"]
[WhiteFideId "1122401"]
[BlackFideId "1112635"]
[EventDate "2018.06.08"]

1. d4 Nf6 2. c4 e6 3. Nc3 Bb4 4. Qc2 d5 5. cxd5 exd5 6. Bf4 c6 7. e3 Nh5 8. Bg3
Be6 9. Bd3 Nxg3 10. hxg3 h6 11. Ne2 Nd7 12. a3 Bd6 13. Nf4 Qe7 14. O-O-O Nb6 15.
Nh5 Qf8 16. Na4 O-O-O 17. Kb1 Kb8 18. Nc5 Bc8 19. Rc1 g5 20. Qb3 Ka8 21. a4 Nd7
22. Nxd7 Bxd7 23. a5 f5 24. Rc2 Rb8 25. Qa2 Qf7 26. Ka1 Rhc8 27. Rc3 a6 28. Be2
c5 29. dxc5 Rxc5 30. Rxc5 Bxc5 31. Rc1 Rc8 32. Qb3 Be6 33. Qa4 Kb8 34. Rc3 Qe7
35. Bd1 Rd8 36. Rd3 Bf7 37. g4 Qe4 38. Rc3 Qxa4+ 39. Bxa4 Bb4 40. Rd3 fxg4 41.
Nf6 h5 42. Bb3 Bxa5 43. e4 dxe4 44. Rxd8+ Bxd8 45. Bxf7 Bxf6 46. Bxh5 g3 47.
fxg3 Kc7 48. Kb1 Kc6 49. Kc2 Kc5 50. Bg4 a5 51. b3 Be5 0-1

[Event "TCh-POL Ekstraliga 2018"]
[Site "Poland POL"]
[Date "2018.10.26"]
[Round "7.5"]
[Board "2"]
[White "Sadzikowski, Daniel"]
[Black "Plat, Vojtech"]
[Result "0-1"]
[WhiteTitle "GM"]
[BlackTitle "GM"]
[WhiteElo "2576"]
[BlackElo "2551"]
[WhiteTeam "KSz Polonia Wroclaw"]
[BlackTeam "WIEZA PEGOW"]
[WhiteFideId "1132253"]
[BlackFideId "325740"]
[EventDate "2018.06.08"]

1. e4 e5 2. Nf3 d6 3. d4 exd4 4. Nxd4 Nf6 5. Nc3 Be7 6. Bf4 O-O 7. Qd2 c6 8.
O-O-O b5 9. f3 b4 10. Na4 Bd7 11. b3 d5 12. e5 Nh5 13. Be3 c5 14. Nxc5 Bxc5 15.
g4 Nf6 16. exf6 Qxf6 17. Kb1 Re8 18. Bf2 a5 19. h4 a4 20. Qg5 axb3 21. cxb3 Qb6
22. Rh2 Nc6 23. Nxc6 Bxf2 24. Nxb4 Qxb4 25. Rxf2 Rxa2 26. Kxa2 Ra8+ 27. Kb2 Qa3+
28. Kc3 Rc8+ 29. Kd2 Qb4+ 30. Ke3 Re8+ 0-1

[Event "TCh-POL Ekstraliga 2018"]
[Site "Poland POL"]
[Date "2018.10.26"]
[Round "7.5"]
[Board "3"]
[White "Dziuba, Marcin"]
[Black "Mastrovasilis, Dimitrios"]
[Result "1-0"]
[WhiteTitle "GM"]
[BlackTitle "GM"]
[WhiteElo "2577"]
[BlackElo "2580"]
[WhiteTeam "WIEZA PEGOW"]
[BlackTeam "KSz Polonia Wroclaw"]
[WhiteFideId "1112953"]
[BlackFideId "4202694"]
[EventDate "2018.06.08"]

1. d4 d5 2. c4 e6 3. Nf3 Nf6 4. Nc3 c5 5. cxd5 Nxd5 6. e4 Nxc3 7. bxc3 cxd4 8.
cxd4 Bb4+ 9. Bd2 Bxd2+ 10. Qxd2 O-O 11. Bc4 Nd7 12. O-O b6 13. Rad1 Bb7 14. Rfe1
Rc8 15. Bb3 Re8 16. h3 h6 17. Re3 Qc7 18. d5 exd5 19. exd5 Rxe3 20. Qxe3 Qd6 21.
Nd4 Qe5 22. Qxe5 Nxe5 23. Re1 Ng6 24. d6 Rd8 25. Nf5 Bc8 26. g4 Bxf5 27. gxf5
Nh4 28. Re7 Rxd6 29. Rxf7 Kh7 30. Kh2 Rf6 31. Rxf6 gxf6 32. Bd5 Nxf5 33. Be4 Kg6
34. f4 b5 35. Kg2 b4 36. Kf2 a5 37. Ke2 a4 38. Kd3 Kh5 39. Bxf5 Kh4 40. Bd7 a3
41. Kc4 1-0